000 01052nam a2200217 a 4500
001 56039
005 20180714051617.0
008 140415s2009 mx 000 0 spa d
020 _a9700735117
041 _aspa
082 _a320.1
_bZIP
100 1 _aZIPPELIUS, REINHOLD
245 1 0 _aTEORIA GENERAL DEL ESTADO :
_bCIENCIA DE LA POLITICA
250 _a2a ed.
260 _aMEXICO :
_bPORRUA, S.A. DE C.V.,
_c2009
300 _a429
_c15.7 x 2.2 x 23
520 _aEL ANHELO DE LOGRAR UNA ORIENTACION TANGIBLE HACIA EL MUNDO INDUCE, UNA Y OTRA VEZ, A SIMPLIFICAR EN DEMASIA LAS COSAS. ESTAMOS PREDISPUESTOS A ACEPTAR AQUELLAS CONCEPCIONES QUE REDUCEN AL ESTADO Y SUS PROBLEMAS A UNO O A UNOS CUANTOS CONCEPTOS. PRECISAMENTE LOS PENSADORES MAS INFLUYENTES, COMO ROUSSEAU Y MARX, INTENTARON HACER ESTO. Y, SIN EMBARGO, EL PENSAMIENTO QUE SE BASA EN IDEAS SIMPLIFICADORAS HA FRACASADO SIEMPRE
650 1 4 _aCIENCIAS POLITICAS
_xESTADO
700 1 _aFIX-FIERRO, HETOR
_etr.
740 _aALLGEMEINE STAATSLEHRE (POLITIKWISSENSCHAFT)
999 _c56039
_d56039